000 nam a22 a 4500
999 _c974
_d974
003 AKMAL
005 20170508101527.0
008 170508s2007 my | e l 000 0 may d
020 _a967701045X (kkt.) :
_cRM25.00
082 0 4 _a343.595056 MAL
_222
090 0 0 _a343.595056
_bMAL
110 1 _aMalaysia
_9400
245 1 0 _aAkta Kastam dan peraturan-peraturan Akta 235 :
_bsemua pindaan hingga Mei, 2007
260 _aKuala Lumpur :
_bMDC Publishers,
_c2007
300 _a237ms. ;
_c25cm.
650 1 0 _aTariff
_xLaw and legislation
_zMalaysia
_920
650 2 0 _aCustoms administration
_xLaw and legislation
_zMalaysia
_92062
710 2 _aPenasihat Undang-Undang MDC
_9405
942 _2ddc
_cBOOK